[Event "HCL-E024"]
[Site "www.playchess.de"]
[Date "2001.02.21"]
[Round "25"]
[White "KARFOPOULOS"]
[Black "lubos"]
[WhiteElo "2350"]
[BlackElo "1967"]
[PlyCount "23"]
[Result "1-0"]

1.e4 e5 2.f4 {good luck!}  exf4 {thx, gl too !}  
3.Nf3 g5 4.Bc4 Bg7 5.O-O d6 6.d4 Nc6 7.c3 Na5 
8.Bd3 Bg4 9.Qa4+ c6 10.b4 Bxf3 11.gxf3 Qb6 
12.bxa5 1-0

[Event "HCL-C189"]
[Site "www.playchess.de"]
[Date "2001.02.21"]
[Round "4"]
[White "Jasper_Hattink"]
[Black "patzer"]
[WhiteElo "1000"]
[BlackElo "929"]
[PlyCount "116"]
[Result "0-1"]

1.e4 e5 2.Nf3 Nc6 3.Bc4 Nf6 4.Nc3 Bc5 5.O-O O-O 
6.d3 d6 7.Bg5 h6 8.Bxf6 Qxf6 9.Nd5 Qd8 10.c3 a6 
11.d4 Ba7 12.a4 exd4 13.Nxd4 Nxd4 14.cxd4 c6 
15.Nf4 Qf6 16.Nh5 Qxd4 17.Qxd4 Bxd4 18.Rad1 Bxb2 
19.Rxd6 Be5 20.Rd3 Bg4 21.Ng3 Bxg3 22.fxg3 Be2 
23.Bxf7+ Rxf7 24.Rxf7 Kxf7 25.Rd7+ Kf6 26.Rxb7 Rc8 
27.Kf2 Bd1 28.a5 g5 29.Ke3 c5 30.Rb6+ Ke5 31.Rxa6 
c4 32.Kd2 Bb3 33.Kc3 Rh8 34.Rb6 Kxe4 35.h4 gxh4 
36.gxh4 h5 37.a6 Ra8 38.Rg6 Bd1 39.Kxc4 Be2+ 
40.Kc5 Rxa6 41.Rxa6 Bxa6 42.g3 Kf3 43.Kd4 Kxg3 
44.Ke3 Kxh4 45.Kf2 Kh3 46.Kf3 Bb7+ 47.Kf2 h4 
48.Kg1 Bd5 49.Kf2 Kh2 50.Kf1 h3 51.Kf2 Be4 52.Kf1 
Kg3 53.Kg1 h2+ 54.Kf1 h1Q+ {%}  55.Ke2 Qf3+ 56.Kd2 
Qd3+ 57.Ke1 Qc2 58.Kf1 Qd1+ 0-1

[Event "HCL-B180"]
[Site "www.playchess.de"]
[Date "2001.02.21"]
[Round "3"]
[White "dakini"]
[Black "janus"]
[WhiteElo "1376"]
[BlackElo "1738"]
[PlyCount "50"]
[Result "0-1"]

1.d4 {Ich denke Du hast es so gewollt! Liebe Grüße 
auch an Ines}  Nf6 {Ok - versuche Dein Glück; 
evtl. Trompowski ??}  2.Bg5 {Cést ca ! Guten 
Morgen!}  Ne4 {Guten Morgen ! Heute nur ein Zug - 
bin im Büro *grins* !!!}  3.Bf4 {Wäre Lc1 besser 
gewesen?}  c5 {Ich schätze beide Züge als 
gleichwertig ein.}  4.d5 {Dicker Frust ist hier in 
B angesagt. Werde mich zum Studieren auf ein 
Eiland zurückziehen. ;-))}  Qb6 {Ja - ist ein 
hartes Brot in B !! Bisher kenne ich unsere 
Eröffnung noch, aber bald ...?}  5.Bc1 {Lümmele 
mich gerade in Hannover in meiner 
Lieblingsbücherei herum. Kaufe nmir da gleich 
dieses Schac}  e6 {Welches Schachbuch meinst Du ?} 
 6.f3 {Positionelles Schach ... Dworetski oder so 
ähnlich. Das finde ich dann und lese ich dann und 
dann ..}  Nf6 {... und dann wirst Du mich verhauen 
;-)) ?!}  7.e4 {Das soll lieber Ines machen}  exd5 
{Ich habe schon Angst *grins* !!}  8.e5 {Ich fange 
erst an, ruhiger zu spielen, wenn ich mir der 
Lektüre des neuen Buches begonnen habe. ;-)}  Ng8 
{Hallo Thomas ! Bist Du gerade online ??}  9.Qxd5 
{Bin gerade in einer Kneipe in HD und träume vom 
Tanz der Vampire ...}  d6 {Auch wir erinnern uns 
immer wieder gern an dieses Erlebnis !!!}  10.Na3 
{Ich wünsche Euch beiden genauso viel Sonne wie 
sie bei uns heute scheint... ( HD)}  Be6 {Haben 
gestern nur gefaulenzt - muß auch mal sein !!}  
11.Qd1 {Schöner Zug von Dir!}  dxe5 {Danke - mußte 
auch etwas grübeln ! Bis jetzt habe ich einen 
Mehrbauern, aber ... !}  12.b3 {Ich werde jetzt 
erstmal alle Partien hier zuende spielen und zwar 
zügig, weil ich die Zeit zum Überl}  Nc6 {Ok - 
dann laß uns loslegen !!}  13.Bc4 Rd8 14.Bd2 Bxc4 
15.bxc4 Nf6 {warum nicht Sxc4 ??}  16.Qb1 {Weil 
ich abtauschen möchte ...}  Qa6 {Mit den Damen auf 
dem Brett finde ich das Spiel interessanter !}  
17.Nb5 {Schade wäre für mich eine nette 
Alternative gewesen.}  Rd7 {Aber Deine 
Gabeldrohung ist auch nicht schlecht !!}  18.f4 
Ne4 {Guten Morgen ! Schaffen wir am Vormittag ein 
paar Züge *g* ?}  19.Nf3 {Mal sehen ; ich bekomme 
nachher "offiziellen " Besuch in die Praxis, so 
eine blöde EU Richtlinie ner}  Nxd2 {Womit Du Dich 
herumärgern mußt ist schon seltsam !!}  20.Nxd2 
{Es war ein eher beratendes Gespräch. 
Betriebsärztlicher und Sicherheitstechnischer 
Dienst. Unfallver}  Qa5 {War es denn informativ 
oder das typische "Vertretergerede" ??}  21.Qd1 
{Da muß ich ein Lob loswerden: sehr informativ.}  
a6 {Das freut mich ! In unserer Partie gehe ich 
auf "Mustangjagd" ;-)) !}  22.a4 {Blödi ... ich 
kann mich ohnehin hier immer weniger gut bewegen.} 
 axb5 {Ja - irgendwie spielen Deine Figuren nicht 
zusammen ;-(}  23.axb5 {Jetzt wieder besser... 
Einen Zug schaffen wir noch vor zwei}  Rxd2 
{Leider nicht - mußte kurz weg. Mi und Do bin ich 
in Wien - endlich mal wieder !}  24.O-O Rxd1 {Bis 
Freitag !!}  25.Rxa5 Rxf1+ 0-1

[Event "HCL-B164"]
[Site "www.playchess.de"]
[Date "2001.02.21"]
[Round "18"]
[White "MP"]
[Black "Stefan"]
[WhiteElo "1566"]
[BlackElo "1377"]
[PlyCount "26"]
[Result "0-1"]

1.d4 Nf6 2.Nf3 g6 3.e3 Bg7 4.Be2 O-O 5.O-O d6 6.c4 
c5 7.d5 Nbd7 8.Nc3 Nb6 9.Qc2 e6 10.dxe6 Bxe6 11.b3 
Ne4 12.Qxe4 Bxc3 13.Rb1 Bf5 0-1

[Event "HCL-B164"]
[Site "www.playchess.de"]
[Date "2001.02.21"]
[Round "21"]
[White "Vampyr"]
[Black "MP"]
[WhiteElo "1728"]
[BlackElo "1566"]
[PlyCount "43"]
[Result "1-0"]

1.e4 c5 2.Nf3 Nc6 3.d4 cxd4 4.Nxd4 Nxd4 5.Qxd4 e6 
6.Bc4 Be7 7.O-O d6 8.Nc3 Nf6 9.Be3 O-O 10.Rad1 a6 
11.f4 b5 12.Be2 Bb7 13.a3 Qc7 14.g4 e5 15.Qd3 Rfd8 
16.Bf3 Bc6 17.f5 Rd7 18.g5 Ne8 19.Nd5 Bxd5 20.Qxd5 
Rad8 21.Bh5 g6 22.fxg6 {f}  1-0

[Event "HCL-B184"]
[Site "www.playchess.de"]
[Date "2001.02.21"]
[Round "3"]
[White "Gruhni"]
[Black "quant"]
[WhiteElo "1320"]
[BlackElo "1260"]
[PlyCount "58"]
[Result "1/2-1/2"]

1.e4 e5 2.Nf3 Nc6 3.Bb5 a6 4.Ba4 Nf6 5.d3 b5 6.Bb3 
Bc5 7.Nc3 d6 8.Bg5 Bg4 9.h3 Be6 10.Nd5 Nd4 11.Bxf6 
gxf6 12.c3 Nxb3 13.axb3 c6 14.Ne3 d5 15.exd5 cxd5 
16.b4 Bd6 17.d4 e4 18.Nh4 Qd7 19.g4 h5 20.Nhf5 Bf8 
21.Kd2 hxg4 22.hxg4 Rxh1 23.Qxh1 Bxf5 24.Nxf5 Qe6 
25.f3 O-O-O 26.Re1 Re8 27.fxe4 dxe4 28.Re3 Kd7 
29.Kc2 Bd6 1/2-1/2

[Event "HCL-B186"]
[Site "www.playchess.de"]
[Date "2001.02.21"]
[Round "5"]
[White "Bauernopfer"]
[Black "Goldhair"]
[WhiteElo "1307"]
[BlackElo "1200"]
[PlyCount "46"]
[Result "0-1"]

1.e4 c5 2.Nf3 Nc6 3.d4 cxd4 4.Nxd4 Nf6 5.e5 Qa5+ 
6.c3 Qxe5+ 7.Qe2 e6 8.Nxc6 Qxe2+ 9.Bxe2 dxc6 
10.O-O Bd6 11.Bg5 Ne4 12.Be3 e5 13.f3 Bc5 14.Bxc5 
Nxc5 15.Nd2 Be6 16.Rfe1 O-O-O 17.Nc4 f6 18.Rad1 
Rxd1 19.Rxd1 Na4 20.Rd2 Rd8 21.b3 Rxd2 22.Nxd2 
Nxc3 23.a4 Nxe2+ 0-1

[Event "HCL-B185"]
[Site "www.playchess.de"]
[Date "2001.02.21"]
[Round "4"]
[White "Translightor"]
[Black "SAROS"]
[WhiteElo "1413"]
[BlackElo "1354"]
[PlyCount "39"]
[Result "1-0"]

1.e4 {Welcome & Good luck!}  d5 {Thanks}  2.exd5 
Qxd5 3.Nc3 Qd8 4.d4 e6 5.Nf3 Bb4 6.Bd2 Bd7 7.Bd3 
Nc6 8.O-O h6 9.a3 Ba5 10.Ne4 Bb6 11.c3 Nf6 12.Re1 
Nxe4 13.Bxe4 O-O 14.Bc2 Na5 15.b3 c5 16.dxc5 Bc7 
17.Qe2 b6 18.b4 Nb7 19.Qe4 Rb8 
20.Qh7+ 1-0

[Event "HCL-B185"]
[Site "www.playchess.de"]
[Date "2001.02.21"]
[Round "13"]
[White "O_Man"]
[Black "dakini"]
[WhiteElo "1096"]
[BlackElo "1372"]
[PlyCount "43"]
[Result "1-0"]

1.e4 e5 2.Nf3 Nc6 3.Bc4 Bc5 4.d4 Nxd4 5.Nc3 d6 
6.Be3 Bg4 7.h3 Bxf3 8.gxf3 Qf6 9.Bxd4 Bxd4 10.Nd5 
Qh4 11.Qe2 Bxb2 12.Rb1 Bd4 13.Nxc7+ Kd8 14.Nxa8 
Bxf2+ 15.Qxf2 Qf4 {Sorry I haven´t the time to 
think it all over; next tournament it becomes 
better :-)}  16.Qxa7 {you defeated me earlier, we 
will play again}  Qg3+ {I hope so ...  I need a 
rest because my job will take more time ...}  
17.Qf2 Qf4 18.Rxb7 Qc1+ 19.Ke2 Qxh1 20.Qb6+ Ke8 
21.Qc6+ Kd8 22.Qd7+ {thanks for the game} 
 1-0

[Event "HCL-B185"]
[Site "www.playchess.de"]
[Date "2001.02.21"]
[Round "18"]
[White "real1"]
[Black "O_Man"]
[WhiteElo "1200"]
[BlackElo "1096"]
[PlyCount "75"]
[Result "1-0"]

1.d4 {hello, good luck}  e6 {thanks, you too}  
2.c4 d5 {thank you, greetings from Memphis, home 
of Elvis}  3.Nc3 Nf6 4.Bg5 {nice to know that}  
Be7 5.Nf3 Nc6 6.e3 a6 7.g3 h6 8.Bf4 Bd6 9.Bxd6 
Qxd6 10.c5 Qd7 11.Qa4 O-O 12.Bb5 Qe7 13.Bxc6 bxc6 
14.Qxc6 Ra7 15.Qa4 Ne4 16.Nxe4 dxe4 17.Ne5 Bb7 
18.O-O Kh7 19.Nc6 Bxc6 20.Qxc6 e5 21.Qxe4+ g6 
22.Qxe5 Qxe5 23.dxe5 Re8 24.f4 c6 25.Rad1 g5 
26.Rf3 g4 27.Rf2 Kg6 28.Rd6+ Re6 29.Rfd2 Rb7 
30.Rf2 Kf5 31.Rxe6 fxe6 32.Rc2 Ke4 33.Kf2 Kd3 
34.Re2 Rb5 35.e4 Rxc5 36.b3 Rc2 37.Rxc2 Kxc2 
38.f5 1-0

[Event "HCL-B185"]
[Site "www.playchess.de"]
[Date "2001.02.21"]
[Round "21"]
[White "dakini"]
[Black "real1"]
[WhiteElo "1372"]
[BlackElo "1200"]
[PlyCount "98"]
[Result "0-1"]

1.e4 c5 {hello, good luck}  2.Nf3 Nc6 3.d4 d5 
4.Nc3 {So I wish you the same. Where are you 
from?}  dxe4 5.Nxe4 cxd4 6.Bb5 Qa5+ 7.Bd2 Qxb5 
8.b3 Bf5 9.c4 c3 10.Nxc3 Qb6 11.Be3 Qa5 12.Bd2 Rd8 
13.O-O e6 14.Qe1 Bd3 15.Ne2 Bb4 16.a3 Bxd2 17.Nxd2 
Bxe2 18.b4 Qb5 19.a4 Qd3 20.Ra2 Bxf1 21.Nxf1 Qd1 
22.Ra1 Qxe1 23.Rxe1 Nxb4 24.Rb1 a5 25.Ne3 Ne7 
26.h3 Rd2 27.Nc4 Ra2 28.Nxa5 Rxa4 29.Nxb7 O-O 
30.Nc5 Rfa8 31.Kh2 h5 32.Nxa4 Rxa4 33.Rb3 Ned5 
34.Kg3 g5 35.f3 Kg7 36.Kh2 f5 37.h4 gxh4 38.Kh3 
Nc2 39.Rb2 Nce3 40.g4 hxg4+ 41.fxg4 Rxg4 42.Rb7+ 
Kg6 43.Rb2 Nf4+ 44.Kh2 h3 45.Rg2 Rxg2+ 46.Kh1 Rg4 
47.Kh2 Nd1 48.Kh1 Nf2+ 49.Kh2 Rg2+ {thank you for 
the good game}  0-1

[Event "HCL-C185"]
[Site "www.playchess.de"]
[Date "2001.02.21"]
[Round "28"]
[White "foxzy"]
[Black "craigsadler"]
[WhiteElo "1000"]
[BlackElo "552"]
[PlyCount "56"]
[Result "0-1"]

1.e4 c6 2.d4 d5 3.Nc3 dxe4 4.Nxe4 Nf6 5.Ng3 g6 
6.Nf3 Bg7 7.c3 O-O 8.Bc4 b5 9.Bb3 Nbd7 10.O-O Nd5 
11.Re1 e6 12.a4 Bb7 13.Ne4 N7f6 14.Bg5 h6 15.Bxf6 
Bxf6 16.Qe2 Nf4 17.Qe3 g5 18.h4 c5 19.Nxf6+ Qxf6 
20.hxg5 hxg5 21.dxc5 Kg7 22.axb5 Bxf3 23.Qxf3 Rfh8 
24.b6 Nh3+ 25.Kf1 Qxf3 26.gxf3 Nf4 27.Kg1 Rh3 
28.Re3 Rah8 0-1

[Event "HCL-A081"]
[Site "www.playchess.de"]
[Date "2001.02.21"]
[Round "16"]
[White "jmcerna"]
[Black "peze"]
[WhiteElo "1700"]
[BlackElo "1970"]
[PlyCount "37"]
[Result "1/2-1/2"]

1.e4 {Hi Peze}  e5 {Hi Jose! Let's have a nice 
game. Good luck!}  2.Nf3 {OK, Good luck to you}  
Nf6 3.Nxe5 d6 4.Nf3 Nxe4 5.d4 d5 6.Bd3 Bd6 7.O-O 
O-O 8.c4 c6 9.Nc3 Nxc3 10.bxc3 Bg4 11.h3 Bh5 12.g4 
Bg6 13.Bg5 Be7 14.Bxe7 Qxe7 15.Re1 Qd6 16.cxd5 
cxd5 17.Ne5 Bxd3 18.Qxd3 Nc6 19.Nxc6 1/2-1/2

[Event "HCL-C188"]
[Site "www.playchess.de"]
[Date "2001.02.21"]
[Round "2"]
[White "Niloc"]
[Black "patzer"]
[WhiteElo "1000"]
[BlackElo "1205"]
[PlyCount "44"]
[Result "0-1"]

1.d4 Nf6 2.Nc3 d5 3.Nf3 Nc6 4.Bf4 Bf5 5.e3 e6 
6.Bd3 Bxd3 7.Qxd3 Bd6 8.Bxd6 Qxd6 9.O-O-O Ng4 
10.Qe2 Nf6 11.a3 Ne4 12.Nxe4 dxe4 13.Ng5 Qd5 
14.Qg4 f5 15.Qh5+ g6 16.Qh6 Qd7 17.h4 O-O-O 18.c3 
Ne7 19.h5 Ng8 20.Nxe6 {I hate you!  :-)}  Nxh6 
{:)}  21.Nc5 Qc6 22.b4 Ng4 0-1

[Event "ACL-E003"]
[Site "www.playchess.de"]
[Date "2001.02.21"]
[Round "8"]
[White "peze"]
[Black "iq160"]
[WhiteElo "1869"]
[BlackElo "1660"]
[PlyCount "39"]
[Result "1-0"]

1.e4 {Hallo Claus! Auf ein Neues und Viel Glück!}  
c5 {nochmal remis ist nicht!}  2.Nf3 {...na dann 
mal los!}  d6 {ich mach mal ein paar Tage pause 
nach dem Zug. Ich muß hier einen neuen Zug 
finden...}  3.d4 {...da bin ich mal gespannt.}  
cxd4 4.Nxd4 Nf6 5.Nc3 g6 {Schuster bleib bei 
deinen Leisten...}  6.Be3 {Meister, Dein Schüler 
und die Schachwelt warten auf die angekündigte 
Neuerung!}  Bg7 {Ich hab Nejdorf untersucht und 
nix gefunden-und jetzt schlägt mal wieder der 
Drache mit dem Schwanz!}  7.f3 {...das liebe 
Tierchen. Wenigstens eine moderne Variante!}  O-O 
8.Qd2 Nc6 {Ich spiele ausschliesslich den Drachen 
und habe bisher ALLES gewonnen}  9.O-O-O {...dann 
wird das ja eine heisse Partie! Freue mich schon 
drauf. Gruß Peter}  Bd7 {leider hab ich nicht so 
viel zeit. d5 hier zu spielen halte ich allerdings 
für schei...}  10.Kb1 {...ist es auch!}  Qa5 
11.Nb3 Qd8 {streubst Dich auch gegen Lc4, was?}  
12.g4 {Lc4? ...ist nicht vorgesehen, nein!}  Be6 
13.Nd4 Bd7 {ah ja hat Frietz dich von Sd4 
überzeugt}  14.h4 {Wer ist "Frietz"?}  h5 {ein 
Schachprogramm}  15.gxh5 {Ach Du meinst "Fritz"! 
Unter Chessbase 8 laufen die 32-Bit Programme 
Fritz 5.32/Fritz6/Deep Fritz...}  Nxh5 {bis jetzt 
habe ich weder mein Hirn noch Fritz strapaziert}  
16.Rg1 {...kommt noch}  Kh7 17.Nd5 Rc8 {für den 
Zug hab ich genau 1 sek gebraucht}  18.Nf5 Be5 
{WOW!}  19.Bb6 {...jetzt gibt's was zum 
Nachdenken!}  axb6 {erataunliche Energieleistung!} 
 20.Qh6+ 1-0

[Event "HCL-B191"]
[Site "www.playchess.de"]
[Date "2001.02.21"]
[Round "10"]
[White "bundori"]
[Black "assmonkey"]
[WhiteElo "1500"]
[BlackElo "1048"]
[PlyCount "49"]
[Result "1-0"]

1.c4 e5 {Viel Glück}  2.Nc3 Nf6 3.g3 Nc6 4.Bg2 Bc5 
5.a3 O-O 6.e3 Re8 7.Nge2 d6 8.O-O Be6 9.b4 Bb6 
10.d3 Bg4 11.h3 Bxe2 12.Qxe2 Re7 13.Bb2 Qd7 14.Na4 
Rae8 {I am having a hard time with this position.  
I am used to things being a little more open.}  
15.Rfd1 {English-Opening / Three-Knights-System 
with 4...Bc5 allways ends in closed positions.}  
d5 16.c5 e4 17.Bxf6 gxf6 18.dxe4 Ne5 19.Nc3 c6 
20.cxb6 axb6 21.exd5 cxd5 22.Nxd5 R7e6 23.Nxf6+ 
Rxf6 24.Rxd7 Nxd7 25.Qg4+ 1-0

[Event "HCL-C188"]
[Site "www.playchess.de"]
[Date "2001.02.21"]
[Round "16"]
[White "lsoule"]
[Black "patzer"]
[WhiteElo "908"]
[BlackElo "1205"]
[PlyCount "60"]
[Result "0-1"]

1.e4 c5 2.Nf3 d6 3.d4 cxd4 4.Nxd4 Nf6 5.Nc3 a6 
6.Bg5 e6 7.Qd2 Be7 8.O-O-O O-O 9.Bd3 b5 10.Kb1 Bd7 
11.f3 Nc6 12.Be3 Rc8 13.g4 Nb4 14.h4 Nxd3 15.Qxd3 
e5 16.g5 exd4 17.gxf6 dxc3 18.fxe7 Qxe7 19.bxc3 
Rc6 20.Bh6 gxh6 21.Rhg1+ Kh8 22.Qd4+ f6 23.Qe3 Rg8 
24.Qxh6 Rg7 25.Qe3 Be6 26.Rxg7 Qxg7 27.h5 Qg5 
28.Qxg5 fxg5 29.Kb2 Kg7 30.Ka3 
Rxc3+ 0-1

[Event "HCL-B192"]
[Site "www.playchess.de"]
[Date "2001.02.21"]
[Round "5"]
[White "deadeasy"]
[Black "Translightor"]
[WhiteElo "1869"]
[BlackElo "1417"]
[PlyCount "39"]
[Result "1-0"]

1.d4 {hello from london. i look forward to a 
interesting game}  d5 {Hello from Hannover 
(Ex-Expo-City). Good luck!}  2.e4 {i know of 
hannover, it has links with our royal family. 
actually i lived in germany in 70`s}  dxe4 {And 
where in Germany did you live? You must have been 
in your schoolboy's age then.}  3.Nc3 {lived in 
town called huckelhoven, father worked in hospital 
at wegberg, an old race circuit}  Nf6 {I've looked 
up these places on a map. Almost in Holland, have 
never been near there.}  4.f3 {I relly enjoyed my 
time there. fond memories of germany. Hence I 
support M`gladbach ;-)}  exf3 {One of my favourite 
clubs, too. Do you know that they are only 2nd 
league now?}  5.Nxf3 {i know, my english team is 
peterborough 3 league! i shoulde have picked 
manchester like everyone els}  Bg4 {Our local 
team, Hannover 96, is 2 league too. Anyway, I'm a 
big FC Barcelona fan!!!}  6.h3 {i have only seen 
english and german football. my brother went to 
Armenia Beilefeld often.}  Bxf3 {We're both of the 
same age so the years when we were real fans were 
the 70s.}  7.Qxf3 {i still go to watch football 
maybe 20 games a year. it is safer now no trouble} 
 c6 {I must admit that in my life football only 
exists on TV today.}  8.Be3 {thats the way it will 
be for everyone soon. football played in a tv 
studio.}  e6 {Or as a computer simulation, in 
order to reduce costs!}  9.Bd3 {that sounds a good 
idea. peterborough as world champions if i can 
learn to programme}  Be7 {There are manager games 
available so you can achieve your goal. On your PC 
at least...}  10.O-O {i tried that but i kept 
losing the semifinal on penalties ;-)}  O-O {Well, 
at least you got further than England and Germany 
at the last Euro.}  11.Rf2 {my team are playing at 
this moment. i am listening on the net. pictures 
cannot be far away}  Nbd7 {Okay, I make this move 
very quietly to not disturb you.}  12.Raf1 {thank 
you}  Qa5 {Is your team winning?}  13.g4 {we are 
now 1-0 just into second half}  Nd5 {Okay, fight 
on!}  14.Qe4 {even better our friends down the 
road cambridge are losing 3 2. 2-0 to peterboro 
now}  g6 {And if I'm not careful, you'll round up 
this day winning against me.}  15.Bh6 {2-0 final 
score, were on a roll now}  N7f6 {Congratulatons, 
you're on your way into the Champions League!}  
16.Qe5 {yep, last night wigan athletic, tomorrow 
the world...maybe. a strange choice at move 15,}  
Qc7 {Yes, I'm going down the line. But B185 will 
bring me into class A!}  17.Nxd5 {i saw you have 
had many good results here}  Qxe5 {On the whole, 
maybe. This game has become a disaster!}  18.Nxe7+ 
{i thought you were going to throw new theory at 
me. i have played up to move 13 many times at 
club}  Kh8 {I don't know much about this gambit. 
Until move 11 I had help from chess base.}  
19.dxe5 {because it is not played at master level 
chess base info is not good. your line is fine but 
15. nc3!}  Nd7 {I will resign in the next move and 
thank your for this lesson. Good luck to you and 
your club!}  20.Bxf8 {thx for the game. a good & 
friendly opponent. we will play again soon} 
 1-0

[Event "HCL-C074"]
[Site "www.playchess.de"]
[Date "2001.02.21"]
[Round "1"]
[White "thebestv"]
[Black "Petra"]
[WhiteElo "1000"]
[BlackElo "1242"]
[PlyCount "24"]
[Result "0-1"]

1.d4 d5 2.Nc3 Nf6 3.e4 dxe4 4.Nxe4 Nxe4 5.f3 Nf6 
6.Ne2 Nc6 7.Bg5 h6 8.Bxf6 exf6 9.Qd2 Bd6 10.Nc3 
Qe7+ 11.Ne2 O-O 12.O-O-O Bb4 0-1

[Event "HCL-C074"]
[Site "www.playchess.de"]
[Date "2001.02.21"]
[Round "2"]
[White "Pietros"]
[Black "thebestv"]
[WhiteElo "1000"]
[BlackElo "1000"]
[PlyCount "23"]
[Result "1-0"]

1.e4 Nf6 2.d3 d5 3.e5 Nfd7 4.d4 f6 5.exf6 Nxf6 
6.Bd3 Nc6 7.Bg5 Nxd4 8.Bxf6 exf6 9.Bxh7 Bf5 
10.Qxd4 Bxh7 11.Nc3 Bxc2 12.Qxd5 1-0

[Event "HCL-C074"]
[Site "www.playchess.de"]
[Date "2001.02.21"]
[Round "3"]
[White "Petra"]
[Black "Pietros"]
[WhiteElo "1242"]
[BlackElo "1000"]
[PlyCount "50"]
[Result "0-1"]

1.d4 e6 2.e4 d5 3.Nc3 Bb4 4.Bd2 Bxc3 5.Bxc3 Nf6 
6.Bd3 dxe4 7.Bc4 O-O 8.Nh3 Ng4 9.Qxg4 e5 10.Qxe4 
exd4 11.Bd3 Re8 12.O-O Rxe4 13.Bxe4 dxc3 14.bxc3 
Nc6 15.Rad1 Qf6 16.Rd2 Bxh3 17.Rfd1 Be6 18.Bxc6 
bxc6 19.g3 Bh3 20.f4 h6 21.R2d4 c5 22.R4d5 Qxc3 
23.Rh5 Qe3+ 24.Kh1 Qf3+ 25.Kg1 
Qg2+ 0-1

[Event "HCL-C074"]
[Site "www.playchess.de"]
[Date "2001.02.21"]
[Round "6"]
[White "Pietros"]
[Black "Ewie"]
[WhiteElo "1000"]
[BlackElo "669"]
[PlyCount "29"]
[Result "1-0"]

1.e4 e5 2.Bc4 Nf6 3.Nf3 Nc6 4.d3 Bc5 5.O-O O-O 
6.Nc3 d6 7.Nd5 Be6 8.Bg5 h6 9.Nxf6+ gxf6 10.Bxh6 
Bxc4 11.dxc4 Nd4 12.Nxd4 f5 13.Nxf5 Qf6 14.Qg4+ 
Qg6 15.Ne7+ 1-0

[Event "HCL-E011"]
[Site "www.playchess.de"]
[Date "2001.02.21"]
[Round "7"]
[White "Tartan-Terror"]
[Black "Exchange_with_Tempo"]
[WhiteElo "2000"]
[BlackElo "2115"]
[PlyCount "58"]
[Result "0-1"]

1.d4 d5 2.c4 c6 3.Nf3 Nf6 4.Nc3 e6 5.Bg5 dxc4 6.e4 
b5 7.e5 h6 8.Bh4 g5 9.Nxg5 hxg5 10.Bxg5 Nbd7 
11.exf6 Bb7 12.g3 c5 13.d5 Qb6 14.Bg2 O-O-O 15.O-O 
b4 16.Na4 Qb5 17.a3 Nb8 18.axb4 cxb4 19.Qg4 Bxd5 
20.Rfc1 Nc6 21.Bxd5 Rxd5 22.Rxc4 Kd7 23.Rac1 Rxg5 
24.Qe4 Nd8 25.Qd4+ Ke8 26.Qxa7 Qa5 27.Qb8 Rb5 
28.Qc8 Rhh5 29.b3 Rbd5 0-1

[Event "HCL-E011"]
[Site "www.playchess.de"]
[Date "2001.02.21"]
[Round "11"]
[White "Exchange_with_Tempo"]
[Black "Goofy"]
[WhiteElo "2115"]
[BlackElo "2200"]
[PlyCount "95"]
[Result "1-0"]

1.d4 Nf6 2.Nf3 e6 3.Bf4 c5 4.c3 Nc6 5.e3 Be7 6.h3 
O-O 7.Nbd2 d5 8.Bd3 h6 9.Be5 Nd7 10.Bg3 Nf6 
11.dxc5 Bxc5 12.Qc2 Re8 13.O-O e5 14.e4 d4 15.cxd4 
Bxd4 16.Bb5 Bd7 17.Bc4 Qe7 18.Rac1 Nh5 19.Bh2 g5 
20.Nxd4 Nxd4 21.Qd1 Ng7 22.Nf3 Nxf3+ 23.Qxf3 Rac8 
24.Bb3 Bc6 25.Rfd1 Red8 26.Qe3 Rxd1+ 27.Rxd1 Kh8 
28.Qxa7 Bxe4 29.Qe3 f5 30.Re1 Qc5 31.Qxc5 Rxc5 
32.f3 Bd5 33.Bxd5 Rxd5 34.Bxe5 Rd7 35.g3 Kg8 
36.Bc3 Kf7 37.Re5 Kg6 38.Rb5 Nh5 39.Rb6+ Kh7 
40.Kf2 f4 41.g4 Ng3 42.Bb4 h5 43.Bd6 hxg4 44.hxg4 
Kg8 45.a4 Kf7 46.b4 Ke8 47.a5 Kd8 
48.a6 1-0

[Event "HCL-E011"]
[Site "www.playchess.de"]
[Date "2001.02.21"]
[Round "15"]
[White "Tartan-Terror"]
[Black "Goofy"]
[WhiteElo "2000"]
[BlackElo "2200"]
[PlyCount "89"]
[Result "1-0"]

1.d4 Nf6 2.c4 g6 3.Nc3 d5 4.Nf3 Bg7 5.Qb3 dxc4 
6.Qxc4 a6 7.e4 O-O 8.e5 b5 9.Qb3 Ng4 10.h3 Nh6 
11.Bf4 c6 12.Bd3 Be6 13.Qc2 Nf5 14.Ne2 Ra7 
15.O-O-O Qa5 16.b3 Rd8 17.g4 Bd5 18.Be4 Nh6 19.Kb1 
e6 20.Bg5 Re8 21.Bxd5 cxd5 22.Qc1 Rc7 23.Qf4 Rc2 
24.Kxc2 Qxa2+ 25.Kd3 Qxb3+ 26.Kd2 Qb4+ 27.Ke3 Qf8 
28.Rda1 Rc8 29.Rhc1 Rc4 30.Rxc4 dxc4 31.Bf6 Bxf6 
32.Qxf6 b4 33.Nd2 Nd7 34.Qh4 Nb6 35.Rxa6 Nd5+ 
36.Kf3 f6 37.exf6 Nxf6 38.Nxc4 Nfxg4+ 39.Kg2 Nf5 
40.Qxg4 Qc8 41.Ra7 Qxc4 42.Qe4 Nd6 43.Ra8+ Nc8 
44.Qb7 Qxe2 45.Rxc8+ 1-0

[Event "HCL-C100"]
[Site "www.playchess.de"]
[Date "2001.02.21"]
[Round "2"]
[White "orange"]
[Black "SpiderP"]
[WhiteElo "849"]
[BlackElo "873"]
[PlyCount "27"]
[Result "1/2-1/2"]

1.e4 e5 2.Nf3 Nc6 3.Bb5 a6 4.Ba4 Nf6 5.d3 b5 6.Bb3 
Bc5 7.Ng5 Ng4 8.Nxf7 Qf6 9.O-O Nxf2 10.Qe2 Nxe4+ 
11.Kh1 Nf2+ 12.Kg1 Nxd3+ 13.Kh1 Nf2+ 
14.Kg1 1/2-1/2